| 000 | 004000000a22001210004500 | ||
|---|---|---|---|
| 100 | 1 | _aTripp, Paul David | |
| 245 | 1 | 0 | _aMatrimonio ¿De quién es el sueño? |
| 300 | _aVol.9, núm.2 (2007), Páginas 102-111 | ||
| 520 | _aMilagros y señales, ¿Cuál es tu Sueño?, Nuestra hambre más profunda, Cuando los sueños se derrumban, | ||
| 650 | 1 | 4 | _aMATRIMONIO |
| 773 | 0 | _tReforma Siglo 21 | |
| 942 | _cANA | ||
| 999 |
_c62666 _d62666 |
||